| 000 | 01046 a2200349 4500 | ||
|---|---|---|---|
| 999 |
_c71287 _d19693 |
||
| 001 | 71287 | ||
| 003 | TR-AnTOB | ||
| 005 | 20230721212956.0 | ||
| 007 | ta | ||
| 008 | 040329s2000 tu 000 0 tur d | ||
| 020 | _a9754708266 | ||
| 040 |
_aTR-AnTOB _beng _erda _cTR-AnTOB |
||
| 041 | 0 | _atur | |
| 050 | 4 |
_aCT1908.V37 _bA56 2000 |
|
| 090 |
_aCT1908.V37 _bA56 2000 |
||
| 100 | 1 |
_aVassaf, Gündüz _eauthor _945570 |
|
| 245 | 1 | 0 |
_aAnnem Belkıs / _cGündüz Vassaf. |
| 264 | 1 |
_aİstanbul: _bİletişim Yayınları, _c2000. |
|
| 300 |
_a303 pages ; _c20 cm |
||
| 336 |
_atext _btxt _2rdacontent |
||
| 337 |
_aunmediated _bn _2rdamedia |
||
| 338 |
_avolume _bnc _2rdacarrier |
||
| 490 | 0 |
_aİletişim Yayınları ; _v659 _aÇağdaş Türkçe Edebiyat ; _v94 |
|
| 500 | _aDizin: s. 295-303. | ||
| 590 |
_aSn.Celil Güngör tarafından _cbağışlanmıştır. |
||
| 600 |
_aVassaf, Belkıs Halim _945571 |
||
| 902 | _a0024571 | ||
| 903 | _aMerkez Kütüphane | ||
| 942 |
_cBK _2lcc |
||
| 945 | _aAY. BS | ||